| 000 | 00817nam a2200253Ia 4500 | ||
|---|---|---|---|
| 003 | OSt | ||
| 005 | 20220923211448.0 | ||
| 006 | a|||||r|||| 00| 0 | ||
| 007 | ta | ||
| 008 | Pun | ||
| 020 |
_a9789350682333 (pbk) _c100 |
||
| 024 | _a281,275 | ||
| 037 |
_b900, 25/07/2014, Bright Book Service _cTextual |
||
| 040 |
_aARTS _cARTS _bPun |
||
| 041 |
_2Pun _aPun |
||
| 082 | _aO153,3N33,MD, Q4 | ||
| 100 | _aਸਿੰਘ, ਗੁਰਦਿਆਲ | ||
| 245 | 0 | _aਮੜ੍ਹੀ ਦਾ ਦੀਵਾ | |
| 260 |
_aਚੰਡੀਗੜ _b ਲੋਕਗੀਤ ਪ੍ਰਕਾFਨ _c2014 |
||
| 300 |
_a118ਪੰ _ccm. |
||
| 650 | _aਪੰਜਾਬੀ ਸਾਹਿਤ | ||
| 942 |
_hO153,3N33,MD, Q4 _cTEXL _2CC |
||
| 999 |
_c299764 _d299764 |
||